Implementar el monitoreo de la biodiversidad a nivel de especies de aves y plantas de la familia Rubiaceae (Registro nro. 7130)

Detalles MARC
000 -CABECERA
Campo de control 00933nam a2200265 a 4500
005 - FECHA Y HORA DE LA ULTIMA TRANSACCION
Campo de control 20180803165427.0
008 - ELEMENTOS DE LONGITUD FIJA—INFORMACION GENERAL
Campo de control 140217b2006 ck ||||| |||| 00| 0 spa d
040 ## - FUENTE DE CATALOGACIÓN
Agencia catalogadora original CO-BoIAVH
Agencia transcriptora CO-BoIAVH
041 ## - IDIOMA
Código de idioma para texto/pista de sonido o título separado Español
044 ## - PAÍS DE PUBLICACIÓN
País de publicación Colombia
090 ## - CLASIFICACIÓN LOCAL
Colección IAVH
Consecutivo 01384
110 ## - ASIENTO PRINCIPAL--NOMBRE CORPORATIVO
Unidad subordinad Instituto de Investigación de Recursos Biológicos Alexander von Humboldt, IAvH
245 ## - MENCION DE TITULO
Título Implementar el monitoreo de la biodiversidad a nivel de especies de aves y plantas de la familia Rubiaceae
Parte restante del título Informe final de resultados
260 ## - PUBLICACION, DISTRIBUCION, ETC. (PIE DE IMPRENTA)
Lugar de publicación, distribución, etc. Bogotá
Nombre del editor, distribuidor, etc. IAvH
-- CAR
Fecha de publicación, distribución, etc. 2006
300 ## - DESCRIPCION FISICA
Extensión 55 p.
505 ## - NOTA DE CONTENIDO
Nota de contenido No se recibieron 2 Cds que forman parte del informe
650 ## - ASIENTO SECUNDARIO DE MATERIA - TERMINO TEMATICO
Término temático o nombre geográfico como elemento de entrada Aves
650 ## - ASIENTO SECUNDARIO DE MATERIA - TERMINO TEMATICO
Término temático o nombre geográfico como elemento de entrada Inventarios de aves
650 ## - ASIENTO SECUNDARIO DE MATERIA - TERMINO TEMATICO
Término temático o nombre geográfico como elemento de entrada Hábitat animal
650 ## - ASIENTO SECUNDARIO DE MATERIA - TERMINO TEMATICO
Término temático o nombre geográfico como elemento de entrada Rubiaceae
662 ## - ASIENTO SECUNDARIO DE MATERIA - JERARQUIA DEL NOMBRE DE LUGAR(
Jurisdicción política intermedia Falla del Tequendama
Jurisdicción política de primer orden Cundinamarca
662 ## - ASIENTO SECUNDARIO DE MATERIA - JERARQUIA DEL NOMBRE DE LUGAR(
Jurisdicción política intermedia La Aguadita
Jurisdicción política de primer orden Cundinamarca
662 ## - ASIENTO SECUNDARIO DE MATERIA - JERARQUIA DEL NOMBRE DE LUGAR(
Ciudad Puerto Salgar
Jurisdicción política de primer orden Cundinamarca
942 ## - ELEMENTOS ADICIONALES (KOHA)
Tipo de ítem Informe Técnico
Koha issues (borrowed), all copies 1
Sistema de clasificación Local
Existencias
Withdrawn status Lost status Sistema de Clasificación Damaged status No para préstamo Colección Inventariado Ubicación Permanente Ubicación actual Fecha de adquisición Total Checkouts Número topográfico Inventario / Código de Barras Date last seen Date checked out Ejemplar Price effective from Forma de adquisición Tipo de material
    Local     Humboldt Inventariado 2017 Bogotá Bogotá 05/10/2009 2 IAVH-01384 027522 09/08/2024 17/12/2013 Ej. 1 04/12/2012   Informe Técnico